000 01653pab a2200169 454500
008 180718b2002 xxu||||| |||| 00| 0 eng d
100 _aChristensen, Tom
245 _aTransforming administrative policy
260 _c2002
300 _ap.153-78.
520 _aAdministrative policies and practices may evolve and change slowly and incrementally or they may be transformed intentionally. Intentional efforts to change administrative policy by transforming the structure, processes, or personnel of public sector organizations define an active administrative policy. Ideally, an active administrative policy takes as given that the organizational form to be used is open to choice, that administrative goals are clear, that a tight coupling exists between ends and means, that different organizational forms have different effects, and that there are criteria that may be used to assess those effects. This article focuses on the fulfilment of these preconditions in the three national contexts - Norway, Sweden and the United States of America - in order to determine the relevance of a transformative perspective for understanding the process of administrative change. We examine what impact constraints like polity features, historical-institutional traditions and external pressure, particularly through popular international administrative doctrines like New Public Management ideas and financial crises, have on the possibilities to enhance an active national administrative policy. - Reproduced.
650 _aPublic administration
700 _aWise, Lois
700 _aLaegrid, Per
773 _aPublic Administration
909 _a52632
999 _c52632
_d52632